Chicken Soup for The Surviving Soul (Record no. 85206)

MARC details
000 -LEADER
fixed length control field 00625nam a2200193Ia 4500
008 - FIXED-LENGTH DATA ELEMENTS--GENERAL INFORMATION
fixed length control field 230125s9999 xx 000 0 und d
020 ## - INTERNATIONAL STANDARD BOOK NUMBER
International Standard Book Number 81-87671-13-0
041 ## - LANGUAGE CODE
Language code of text/sound track or separate title eng
082 ## - DEWEY DECIMAL CLASSIFICATION NUMBER
Classification number 823
Item number CAN/HAN
100 ## - MAIN ENTRY--PERSONAL NAME
Personal name Canfield J
245 ## - TITLE STATEMENT
Title Chicken Soup for The Surviving Soul
260 ## - PUBLICATION, DISTRIBUTION, ETC. (IMPRINT)
Date of publication, distribution, etc. 2000
Name of publisher, distributor, etc. Westland Publications
Place of publication, distribution, etc. Chennai
300 ## - PHYSICAL DESCRIPTION
Extent 360p
440 ## - SERIES STATEMENT/ADDED ENTRY--TITLE
Title Chicken Soup for the Soul Series Book
500 ## - GENERAL NOTE
Keywords Literature;Short stories;English Literature;Series Book;Chicken Soup for the Soul Series Book
650 ## - SUBJECT ADDED ENTRY--TOPICAL TERM
Topical term or geographic name as entry element General
700 ## - ADDED ENTRY--PERSONAL NAME
Personal name Canfield J; Hansen M V; Aubery P & Mitchell N
9 (RLIN) 108371
Holdings
Withdrawn status Lost status Damaged status Not for loan Home library Current library Date acquired Vendor Cost, normal purchase price Total Checkouts Full call number Barcode Date last seen Cost, replacement price Bill Date Koha item type Original Barcode
        Smt. Hiraben Nanavati Institute of Management & Research for Women Smt. Hiraben Nanavati Institute of Management & Research for Women 29/03/2001 Living Media 150.00   823 CAN/HAN B02501 HIMR-BK-2501 25/01/2023 150.00 29/03/2001 Books B02501
        Smt. Hiraben Nanavati Institute of Management & Research for Women Smt. Hiraben Nanavati Institute of Management & Research for Women 19/01/2002 Shree Nav Jeevan 195.00   823 CAN/HAN B02903 HIMR-BK-2903 25/01/2023 195.00 23/01/2002 Books B02903